| 000 | 01540nam a2200361Ia 4500 | ||
|---|---|---|---|
| 001 | ebr10038809 | ||
| 003 | CaPaEBR | ||
| 006 | m u | ||
| 007 | cr cn||||||||| | ||
| 008 | 020226s2001 dcua sb 000 0 eng d | ||
| 010 | _z 2002278053 | ||
| 020 | _z0309074479 | ||
| 040 |
_aCaPaEBR _cCaPaEBR |
||
| 035 | _a(OCoLC)54857392 | ||
| 050 | 1 | 4 |
_aRA638 _b.I53615 2001eb |
| 245 | 0 | 0 |
_aImmunization safety review _h[electronic resource] : _bmeasles-mumps-rubella vaccine and autism / _cKathleen Stratton ... [et al.], editors ; Immunization Safety Review Committee, Board on Health Promotion and Disease Prevention, Institute of Medicine. |
| 246 | 3 | 0 | _aMeasles-mumps-rubella vaccine and autism |
| 246 | 3 | _aMeasles mumps rubella vaccine and autism | |
| 246 | 3 | _aMMR vaccine and autism | |
| 260 |
_aWashington, D.C. : _bNational Academy Press, _cc2001. |
||
| 300 |
_axv, 86 p. : _bill. |
||
| 490 | 1 | _aCompass series | |
| 504 | _aIncludes bibliographical references (p. 60-69). | ||
| 533 |
_aElectronic reproduction. _bPalo Alto, Calif. : _cebrary, _d2009. _nAvailable via World Wide Web. _nAccess may be limited to ebrary affiliated libraries. |
||
| 650 | 0 |
_aVaccination _xComplications. |
|
| 650 | 0 |
_aImmunization _xComplications. |
|
| 650 | 0 | _aAutism. | |
| 655 | 7 |
_aElectronic books. _2local |
|
| 700 | 1 | _aStratton, Kathleen R. | |
| 710 | 2 | _aebrary, Inc. | |
| 830 | 0 | _aCompass series. | |
| 856 | 4 | 0 |
_uhttp://site.ebrary.com/lib/rucke/Doc?id=10038809 _zAn electronic book accessible through the World Wide Web; click to view |
| 999 |
_c58100 _d58100 |
||